Starting out in project management. /

Bibliographic Details
Main Authors: Simon, Peter, 1956- (Author), Murray-Webster, Ruth, (Author)
Format: eBook
Language:English
Published: Buckinghamshire, England : Association for Project Management, [2018]
Edition:Third edition.
Series:APM knowledge
Subjects:
Online Access:Click to View
LEADER 01704nam a2200421 i 4500
001 EBC6348574
003 MiAaPQ
005 20201208185319.0
006 m o d |
007 cr cnu||||||||
008 201208s2018 enka o 001 0 eng d
020 |z 9781903494721 
020 |a 9781903494738 (e-book) 
035 |a (MiAaPQ)EBC6348574 
035 |a (Au-PeEL)EBL6348574 
035 |a (OCoLC)1223086431 
040 |a MiAaPQ  |b eng  |e rda  |e pn  |c MiAaPQ  |d MiAaPQ 
050 4 |a HD69.P75  |b .S566 2018 
082 0 |a 658.404  |2 23 
100 1 |a Simon, Peter,  |d 1956-  |e author. 
245 1 0 |a Starting out in project management. /  |c Peter Simon, Ruth Murray-Webster. 
250 |a Third edition. 
264 1 |a Buckinghamshire, England :  |b Association for Project Management,  |c [2018] 
264 4 |c 2018 
300 |a 1 online resource (200 pages) :  |b illustrations. 
336 |a text  |b txt  |2 rdacontent 
337 |a computer  |b c  |2 rdamedia 
338 |a online resource  |b cr  |2 rdacarrier 
490 0 |a APM knowledge 
500 |a Includes index. 
588 |a Description based on print version record. 
590 |a Electronic reproduction. Ann Arbor, MI : ProQuest, 2018. Available via World Wide Web. Access may be limited to ProQuest affiliated libraries. 
650 0 |a Project management. 
655 4 |a Electronic books. 
700 1 |a Murray-Webster, Ruth,  |e author. 
776 0 8 |i Print version:  |a Simon, Peter, 1956-  |t Starting out in project management.  |d Buckinghamshire, England: Association for Project Management, c2018   |h 200 pages   |z 9781903494721   |w (DLC) 2017492232 
797 2 |a ProQuest (Firm) 
856 4 0 |u https://ebookcentral.proquest.com/lib/matrademy/detail.action?docID=6348574  |z Click to View